Statistics for Islands of Malta in a Map

Click here to take the quiz!

General Stats

  • This quiz has been taken 192 times
    (189 since last reset)
  • The average score is 4 of 7

Answers on the Map

Answers color-coded by a green-red scale on the quiz's map according to % correct below.
Loading ...
 

Answer Stats

Island% Correct
Malta Island
99%
Gozo
87%
Comino
60%
St Paul's Islands
32%
Filfla
29%
Cominotto
24%
Manoel Island
24%

Score Distribution

Percentile by Number Answered

Percent of People with Each Score

Your Score History

You have not taken this quiz since the last reset